Chuyển đến nội dung
我的帳戶
退出
登錄
語言
English
Deutsch
Español
Français
Italiano
日本語
Nederlands
Português
Português (Brasil)
中文(简体)
中文(繁體)
Türkçe
עברית
Gaeilge
Cymraeg
Ελληνικά
Català
Euskara
Русский
Čeština
Suomi
Svenska
polski
Dansk
slovenščina
اللغة العربية
বাংলা
Galego
Tiếng Việt
Hrvatski
हिंदी
全文檢索
題名
作者
主題
索引號
ISBN/ISSN
標簽
檢索
高級檢索
檢索
生命保険
職員瀏覽
引用
推薦此
打印
導出紀錄
導出到 RefWorks
導出到 EndNoteWeb
導出到 EndNote
導出到 MARC
導出到 MARCXML
導出到 RDF
導出到 BibTeX
導出到 RIS
加到收藏夾
生命保険
Đã lưu trong:
書目詳細資料
主要作者:
正田文男
格式:
圖書
語言:
Undetermined
出版:
東京
日本経済新聞社
1985
主題:
Insurance
標簽:
添加標簽
沒有標簽, 成為第一個標記此記錄!
Thư viện lưu trữ:
Trung tâm Học liệu Trường Đại học Cần Thơ
持有資料
實物特徵
您的評論
相似書籍
職員瀏覽
LEADER
00451nam a2200181Ia 4500
001
CTU_80662
008
210402s9999 xx 000 0 und d
082
|a
341.766
082
|b
M394
100
|a
正田文男
245
0
|a
生命保険
245
0
|c
正田文男
260
|a
東京
260
|b
日本経済新聞社
260
|c
1985
650
|a
Insurance
904
|i
Ngoc,Hải
980
|a
Trung tâm Học liệu Trường Đại học Cần Thơ
相似書籍
生命産業時代 :
出版: (1981)
Insurance
由: Michael R. Sneyd
出版: (1996)
Insurance
由: Sneyd, Michael R.
出版: (1996)
Thị trường bảo hiểm Việt Nam :
由: Nguyễn, Như Tiến
出版: (2006)
Fundamentals of risk and insurance /
由: Vaughan, Emmett J.
出版: (1999)
載入...